| 000 | 02424nam a22003617a 4500 | ||
|---|---|---|---|
| 003 | DO-SdBPM | ||
| 005 | 20251020095804.0 | ||
| 008 | 180205b 2000 sp |||| 00| 0 spa d | ||
| 020 | _a 8434504146 (obra completa) | ||
| 020 | _a8434504162 (v.2) | ||
| 040 |
_aDO-SdBPM _bspa _cBPMSU _drda |
||
| 082 | 4 |
_a618.92 _bN118c 2000 _222 |
|
| 100 | 1 | _a | |
| 245 | 1 | 0 |
_aNacer y crecer : _b el mundo de tu hijo paso a paso / _cTexto de este volumen Martí Pallás Padilla ; dirección editorial, Francesc Navarro |
| 264 |
_aBarcelona : _bSalvat Editores, _c 2000 |
||
| 300 |
_avolumenes : _bilustración ; _c25 cm |
||
| 336 |
_atexto _btxt _2rdacontent |
||
| 337 |
_asin mediación _bn _2rdamedia |
||
| 338 |
_avolumen _bvc _2rdacarrier |
||
| 490 | 0 |
_a _v21 |
|
| 500 | _3Incluye bibliografía e índice. | ||
| 505 | 0 | _av. 1. Estoy embarazada! -- v. 2. El desarrollo de un nuevo ser, el cuerpo de la madre y el desarrollo del feto mes a mes, embarazo gemelar -- v. 3. La salud de la futura madre -- v. 4. Nueve meses en plena forma -- v. 5. La alimentacin de la embarazada -- v. 6. La llegada del nuevo ser -- v. 7. Despus del parto -- v. 8. El recién nacido, el peso y la talla , el aseo del pequeño, el sueño. cuidados del niño prematuro -- v. 9. La lactancia -- v. 10. Los tres primeros meses del beb -- v. 11. El beb de los tres a los doce meses -- v. 12. Higiene y salud del beb -- v. 13. Comunicacin y lenguaje -- v. 14. El segundo año de vida del niño -- v. 15. El tercer año de vida del niño -- v. 16. El niño entre tres y seis años -- v. 17. El pequeño gastrnomo -- v. 18. Canguros, guarderas y tiempo libre -- v. 19. Comenzar a aprender -- v. 20. El juego -- v. 21. Crecer desde la motivacin -- v. 22. Desarrollo psicolgico del niño -- v. 23. Deteccin de trastornos de la conducta -- v. 24. Seguridad y prevencin infantil -- v. 25. Primeros auxilios -- v. 26. Enfermedades infantiles - I -- v. 27. Enfermedades infantiles - II -- v. 28. La familia y el niño - I -- v. 29. La familia y el niño - II -- v. 30. Glosario, ndice | |
| 590 | _aInventariado, 2025/VM | ||
| 650 | 7 |
_aEmbarazo. _v |
|
| 650 | 7 | _a Pediatría | |
| 650 | 7 |
_aNiños _xCuidado e higiene. |
|
| 650 | 4 |
_aNiños _xCrecimiento |
|
| 650 | 7 | _aPadres e hijos | |
| 700 | 1 |
_aNavarro, Francesc _edirección editorial |
|
| 700 | 1 |
_aPallá Padilla, Martí _etexto |
|
| 910 | _aVMateo V. Control de calidad. BPMSU | ||
| 942 |
_2ddc _cBK |
||
| 999 |
_c15467 _d15467 |
||